000 00769cab a22002175a 4500
001 L155028
008 120220e20120217xxk f 000 0 eng d
035 _a(Sirsi) u155028
041 0 _aeng
100 1 _aGardiner, Joey
245 0 0 _aBuilding by numbers
260 _c2012
490 _aBuilding
_v277 (8715) 17 February 2012, 20-22(3)
520 _aComments on the latest government data which shows dramatic variations in the cost of construction procurement across the public sector; empowerment through data, building information modelling, procurement pilots, local difficulties.
590 _aKA
651 4 _aUnited Kingdom
_y
690 _aProcurement-old
690 _aCost management
_96233
690 _aConstruction management
_96230
942 _n0
999 _c83787
_d83787